Gaming Quiz

Random Gaming or Card Games Quiz

Most WSOP Bracelets Quiz Stats

 Plays Quiz Updated Jan 13, 2020

Support Sporcle.
Go Orange.
Score 0/23 Timer 06:00
0 Plays Today
# of Bracelets Player % Correct
10Doyle Brunson
82.2%
14Phil Hellmuth
82%
10Phil Ivey
76.4%
10Johnny Chan
72.3%
6Daniel Negreanu
55.7%
5Chris Ferguson
40%
5Scotty Nguyen
34.1%
7Men Nguyen
32.9%
8Erik Seidel
30%
5Stu Ungar
27.1%
9Johnny Moss
25.3%
5Allen Cunningham
16.9%
# of Bracelets Player % Correct
6T. J. Cloutier
15.5%
6Ted Forrest
10.1%
6Layne Flack
8.3%
5Daniel Alaei
7.3%
7Billy Baxter
7.2%
5David Chiu
6.6%
5John Juanda
5.6%
5Berry Johnston
5.6%
6Jeffrey Lisandro
4.1%
6Jay Heimowitz
2.9%
5Gary Berland
2.5%

From the Vault

Wildean Witticisms

by quite_convincing

The Internet might be made up of at least 25% Oscar Wilde quotes, the rest of it is cat pictures.
Remove Ads.
Support Sporcle.
Get the best of Sporcle when you Go Orange. This ad-free experience offers more features, more stats, and more fun while also helping to support Sporcle. Thank you for becoming a member.

Show Comments

Extras

Top Quizzes Today


Score Distribution

Your Account Isn't Verified!

In order to create a playlist on Sporcle, you need to verify the email address you used during registration. Go to your Sporcle Settings to finish the process.

Report this User

Report this user for behavior that violates our Community Guidelines.

Details: